I've Been Around (Record n. 99247)

Dettagli MARC
000 -LEADER
fixed length control field 01808njm a2200301Ia 4500
001 - CONTROL NUMBER
control field L0362
003 - CONTROL NUMBER IDENTIFIER
control field IT-RoPAU
005 - DATE AND TIME OF LATEST TRANSACTION
control field 20220918181114.0
008 - FIXED-LENGTH DATA ELEMENTS--GENERAL INFORMATION
fixed length control field 131025s9999 xx 000 0 und d
040 ## - CATALOGING SOURCE
Original cataloging agency IT-RoPAU
040 ## - CATALOGING SOURCE
Transcribing agency IT-RoPAU
041 ## - LANGUAGE CODE
Language code of text/sound track or separate title ITALIANO
999 ## - SYSTEM CONTROL NUMBERS (KOHA)
Koha Dewey Subclass [OBSOLETE] n.d.
100 ## - MAIN ENTRY--PERSONAL NAME
Personal name AA.VV.
9 (RLIN) 794
100 ## - MAIN ENTRY--PERSONAL NAME
Relator term Autore musica
9 (RLIN) 33775
100 ## - MAIN ENTRY--PERSONAL NAME
Miscellaneous information Codice autore musica SPICS: 12000
9 (RLIN) 796
245 ## - TITLE STATEMENT
Title I've Been Around
250 ## - EDITION STATEMENT
Edition statement 1a ed.
260 ## - PUBLICATION, DISTRIBUTION, ETC. (IMPRINT)
Place of publication, distribution, etc. MILANO
260 ## - PUBLICATION, DISTRIBUTION, ETC. (IMPRINT)
Name of publisher, distributor, etc. HACHETTE RUSCONI
Date of publication, distribution, etc. 2003 [1a Ed.:0]
300 ## - PHYSICAL DESCRIPTION
Extent COMPACT DISC
300 ## - PHYSICAL DESCRIPTION
Dimensions 78 minuti (Testo: 0 pag.)
500 ## - GENERAL NOTE
General note Musica jazz. Cd allegato al n. 11 2003 della rivista "Musica jazz". Da questo cd esce ben tratteggiata la figura di Giovanni Tommaso, musicista tra i più importanti nell'intero corso del jazz italiano contemporaneo. Vedere inserto "Musica jazz" (Codice L0361).
505 ## - FORMATTED CONTENTS NOTE
Formatted contents note Gato Blues (di G. Barbieri, Bologna maggio 1963, 5:35) . Here's That Rainy Day (di J. Van Heusen, Roma 1967, 7:37) - Autumn Leaves (di J. Kosma e J. Kosma, Roma 1967, 5:41) - Bluesy Europa (di G. Tommaso, Roma giugno 1968, 4:57) - Torre del Lago (di G. Tommaso, Lucca 1974, 3:41) - All the Things You Are (di J. Kern, Roma gennaio 1978, 6:59) - Sicilian Sunset (di G. Tommaso, Padova aprile 1981, 4:11) - Amore, toujours l'amour (di G. Tommaso, Perugia 1986, 7:02) - Satin Doll (di D. Ellington, Bologna marzo 1988, 6:08) - Nord e Sud (di F. D'Andrea, Lovere settembre 1985, 7:03) - Techno Jazz (di G. Tommaso, Parigi novembre 1998, 9:09) - Oh Benigni (di G. Tommaso, Roma novembre 2000, 4:45) - Estate '61 (di V. Tommaso, Lucca 1962, 4:29).
650 ## - SUBJECT ADDED ENTRY--TOPICAL TERM
Topical term or geographic name as entry element JAZZ [COMPACT DISC]
Relator term Codice MATERIA SPICS: 9949
9 (RLIN) 11822
700 ## - ADDED ENTRY--PERSONAL NAME
Personal name Tommaso Giovanni
Miscellaneous information Codice interprete SPICS: 24533
Relator term Interprete
9 (RLIN) 33776
942 ## - ADDED ENTRY ELEMENTS (KOHA)
Koha item type CD AUDIO
Source of classification or shelving scheme Dewey Decimal Classification
Dati di copia
Withdrawn status Lost status Damaged status Not for loan Home library Current library Date acquired Total Checkouts Full call number Date last seen Price effective from Koha item type Public note
    Buone Condizioni Not For Loan SPICS-MEDIATECA SPICS-MEDIATECA 25/10/2013   L0362 25/10/2013 25/10/2013 CD AUDIO Progr. Ins.: 23004 / N.Vol.: 1 / Copie: 1 - Copia rara: n.d. / date import: 01.01.2014 - By Epidotti, Trombetti, Vaglietti
CREDITS: SOCIETA' SAN PAOLO Via A.Severo, 58 - ROMA (RM) & PERIODICI SAN PAOLO SRL Via Giotto, 36 MILANO & CISF Via Giotto, 36 MILANO & EDIZIONI SAN PAOLO SRL,  Piazza Soncino, 5 CINISELLO BALSAMO (MI) -- ITALY